MARC

Tag First Indicator Second Indicator Subfields
LEADER 00000cam a2200000Ia 4500
001 in00002471913
005 20210727084953.0
006 m d
007 cr cn|||||||||
008 081017s2005 gw a sb 001 0 eng d
020 |a 3540305912 
020 |a 9783540305910 
035 |a (OCoLC)262680921 
035 |a (OCoLC)ocn262680921 
035 |a 3070716 
037 |a 978-3-540-26234-3  |b Springer  |n http://www.springerlink.com 
040 |a GW5XE  |b eng  |c GW5XE  |d GW5XE  |d UtOrBLW 
049 |a TEFA 
050 1 4 |a HG106  |b .F46 2005eb 
072 7 |a HG  |2 lcco 
082 0 4 |a 332.015118  |2 22 
100 1 |a Fengler, Matthias R.  |0 http://id.loc.gov/authorities/names/no2006007485 
245 1 0 |a Semiparametric modeling of implied volatility /  |c Matthias R. Fengler. 
264 1 |a Berlin ;  |a New York :  |b Springer,  |c [2005] 
264 4 |c ©2005 
300 |a xv, 224 pages :  |b illustrations ;  |c 24 cm. 
336 |a text  |b txt  |2 rdacontent 
337 |a computer  |b c  |2 rdamedia 
338 |a online resource  |b cr  |2 rdacarrier 
490 1 |a Springer finance 
500 |a Electronic resource. 
504 |a Includes bibliographical references (pages [207]-220) and index. 
533 |a Electronic reproduction.  |b New York :  |c Springer,  |d 2008.  |n Mode of access: World Wide Web.  |n System requirements: Web browser.  |n Title from title screen (viewed on Oct. 10, 2008).  |n Access may be restricted to users at subscribing institutions. 
650 1 7 |a Beweeglijkheid.  |2 gtt 
650 1 7 |a Econometrische modellen.  |2 gtt 
650 1 7 |a Financieel management.  |2 gtt 
650 0 |a Estimation theory.  |0 http://id.loc.gov/authorities/subjects/sh85044957 
650 0 |a Finance  |x Mathematical models.  |0 http://id.loc.gov/authorities/subjects/sh85048260 
650 6 |a Estimation, Théorie de l' 
650 6 |a Finances  |x Modèles mathématiques. 
655 7 |a Electronic books.  |2 local 
710 2 |a SpringerLink (Online service)  |0 http://id.loc.gov/authorities/names/no2005046756 
776 1 |c Original  |z 9783540262343  |z 3540262342  |w (DLC) 2005930475  |w (OCoLC)62185877 
830 0 |a Springer finance.  |0 http://id.loc.gov/authorities/names/n98008379 
856 4 0 |u http://proxy.library.tamu.edu/login?url=https://dx.doi.org/10.1007/3-540-30591-2  |z Connect to the full text of this electronic book  |t 0 
856 4 2 |3 Contributor biographical information  |u http://www.loc.gov/catdir/enhancements/fy0814/2005930475-b.html  |t 0 
856 4 2 |3 Publisher description  |u http://www.loc.gov/catdir/enhancements/fy0663/2005930475-d.html  |t 0 
994 |a C0  |b TEF 
999 |a MARS 
999 f f |s 08cd693a-78b4-300e-b17d-cd97114e5e68  |i 71a06ee2-2d31-3361-96ca-fd055c66d273  |t 0 
952 f f |a Texas A&M University  |b College Station  |c Electronic Resources  |d Available Online  |t 0  |e HG106 .F46 2005eb  |h Library of Congress classification 
998 f f |a HG106 .F46 2005eb  |t 0  |l Available Online